00776nam a2200181 a 450000100100000000500170001000800410002704000250006808200150009310000380010824500990014626000710024530000200031604900090033695201130034595201190045899900170057700002802720200930031305.0110406s1971 dr 000 0 spa d aDO-SdBNPbspacBNPHU axxxbM425c1 aMateo Martínez, Héctor95498910aComo evitar las enfermedades del corazón y de la circulación /cHéctor Mateo Martínez. a[Santo Domingo] :bFundación Dominicana de Cardiología,c1971. a64 p. ;c22 cm. aBNPD 0010718PDaPDbPDcHDd2011-04-06iLF1l0oxxx M425cp28027-10r2020-06-25w2020-06-25yLFPDZNo se presta 0010718PDaPDbPDcCTd2011-04-11iLF1l0oxxx M425cp28027-20r2020-06-25te. 2w2020-06-25yLFPDZNo se presta c27519d27519